Top 10 Countries with the Lowest Life Expectancy in Europe - Statistics

General Stats
  • This quiz has been taken 1,764 times
  • The average score is 9 of 10
Answer Stats
Years Country % Correct
71.80 Ukraine
95%
70.80 Russia
94%
72.70 Belarus
89%
75.10 Romania
89%
74.50 Bulgaria
87%
75.50 Serbia
87%
70.70 Moldova
86%
74.50 Latvia
79%
74.90 Lithuania
79%
75.90 Croatia
71%
No matching quizzes found
Score Distribution
Percent of People with Each Score
Percentile by Number Answered
Your Score History
You have not taken this quiz